Tilastot visalle Mikä Saksan kaupunki?

Klikkaa tästä pelataksesi tätä visaa!

Yleistilastot

  • Tätä visaa on pelattu 593 kertaa
  • Keskiarvotulos 11 / 20

Vastaustilastot

KuvausKaupunki% Oikein
Saksan pääkaupunkiBerliini
100%
Baijerin pääkaupunkiMünchen
91%
Saksan finanssipääkaupunkiFrankfurt
83%
Entinen hansakaupunki, joka on suurin Elben varrella sijaitseva kaupunkiHampuri
81%
Tämän kaupungin katedraali oli maailman korkein rakennus 1880-1884Köln
75%
Länsi-Saksan pääkaupunki 1949-1990Bonn
67%
Kaupunki, jossa pidettiin suuri oikeudenkäynti toisen maailmansodan jälkeenNürnberg
62%
Kaupunki, jossa muun muassa Porschen ja Boschin pääkonttorit sijaitsevatStuttgart
58%
Kaupunki, jota Yhdysvallat ja Yhdistyneet kuningaskunnat pommittivat rajusti 1945Dresden
55%
Tämän kaupungin kuninkaallinen suku hallitsi Isoa-Britanniaa 1714-1901Hannover
53%
Nordrhein-Westfalenin osavaltion pääkaupunkiDüsseldorf
51%
Bach kuoli tässä kaupungissaLeipzig
45%
Saksan suurin Itämeren rannalla sijaitseva kaupunkiKiel
42%
Saksan yhdeksänneksi suurin kaupunki, josta Kruppin suku on kotoisinEssen
38%
Kaupunki, jossa sijaitsee Saksan vanhin yliopistoHeidelberg
34%
Liittoutuneiden kolme suurta johtajaa tapasivat täällä elokuussa 1945Potsdam
34%
Saksan läntisin kaupunki ja Kaarle Suuren asuinpaikkaAachen
32%
Karl Benz kehitti auton tässä kaupungissa,
joka sijaitsee Rein- ja Neckarjokien risteyksessä
Mannheim
27%
Yksi itäisen Saksan osavaltioista on nimetty tämän kaupungin mukaanBrandenburg
25%
Tämä kaupunki ei ole olemassaBielefeld
18%

Tulosjakauma

Persentiili vastausten määrän mukaan

Jokaisen tuloksen saaneiden osuus

Tuloshistoriasi

Et ole pelannut tätä visaa